Music Quiz

Random Music or Bands Quiz

Before and After: Musicians III Quiz Stats

Quiz Updated Jul 2, 2012

Challenge
Share
Tweet
Embed
Score 0/21 Timer 06:00
0 Plays Today
Before Musician % Correct
Like a Virgin, Material GirlMadonna Summer
56.3%
Who Let the Dogs OutBaha Men at Work
54.6%
Faith, Father FigureGeorge Michael Bolton
40.2%
Save Tonight, Fallin in Love AgainEagle Eye Cherry Poppin' Daddies
31.6%
Flagpole SittaHarvey Danger Mouse
24.6%
Molly's Chambers, Sex on FireKings of Leonard Cohen
21.2%
I Wanna Talk About Me, I Love This BarToby Keith Sweat
18.1%
Got it Twisted, Real GangstazMobb Deep Purple
17.4%
It's Too Late, I Feel the Earth MoveCarole King Crimson
17.2%
Night Ripper, Feed the AnimalsGirl Talking Heads
12.8%
MotherDanziggy Marley
11.5%
Before Musician % Correct
Dance to the Music, Everyday PeopleSly and the Family Stone Roses
10.7%
Hold On My Heart, I Can't DanceGenesister Sledge
10.2%
Fire Water Burn, The Bad TouchBloodhound Gang of Four
6.5%
3 Feet High and Rising, Me Myself and IDe La Soul Coughing
6.4%
Flood, LiquidJars of Clay Aiken
5.6%
Blinded by the LightManfred Mann's Earth Band of Horses
3.9%
Born to Run, Born in the U.S.A.Bruce Springsteenage Fan Club
3.8%
The Down Town, EnemyDays of the New Order
3.4%
The Greatest, FreeCat Power Station
2.1%
Aqualung, Locomotive BreathJethro Tullycraft
1.5%

You're not logged in!

Compare scores with friends on all Sporcle quizzes.
Join for Free
OR
Log In

You Might Also Like...

Show Comments

Extras

Top Quizzes Today


Score Distribution

Your Account Isn't Verified!

In order to create a playlist on Sporcle, you need to verify the email address you used during registration. Go to your Sporcle Settings to finish the process.

Report this User

Report this user for behavior that violates our Community Guidelines.

Details: